[Event "Madrid-ch Seniors 50"]
[Site "Madrid"]
[Date "2020.01.21"]
[Round "7"]
[White "Pashov, Spas Nikolov"]
[Black "Sotoca Aguado, Jose"]
[Result "1-0"]
[WhiteElo "1847"]
[BlackElo "1905"]
[PlyCount "63"]
[EventDate "2020.01.13"]
[EventType "swiss"]
[EventRounds "9"]
[EventCountry "ESP"]
[SourceTitle "CBM 194 Extra"]
[Source "ChessBase"]
[SourceDate "2020.03.31"]
[SourceVersion "1"]
[SourceVersionDate "2020.03.31"]
[SourceQuality "1"]

1. e4 e6 2. d4 d5 3. Nd2 Nf6 4. e5 Nfd7 5. Bd3 c5 6. c3 Qb6 7. Ne2 Nc6 8. Nf3 cxd4 9. cxd4 f6 10. exf6 Nxf6 11. b3 Bd6 12. 0-0 0-0 13. Re1 Bd7 14. Bf4 Nb4 15. Bb1 Bxf4 16. Nxf4 Rae8 17. Nd3 Nxd3 18. Bxd3 g6 19. Rc1 Rc8 20. Qd2 Kg7 21. h3 Rxc1 22. Rxc1 Ne4 23. Bxe4 dxe4 24. Ng5 Qd8 25. Nxe4 Bc6 26. Re1 Qd5 27. f3 Rd8 28. Ng5 Re8 29. Qf4 Re7 30. Rxe6 Rxe6 31. Qf7+ Kh6 32. Nxe6 1-0

[Event "Madrid-ch Seniors 50"]
[Site "Madrid"]
[Date "2020.01.20"]
[Round "6"]
[White "Sotoca Aguado, Jose"]
[Black "Lozano Sanchez, Jose Antonio"]
[Result "1/2-1/2"]
[WhiteElo "1905"]
[BlackElo "1812"]
[PlyCount "104"]
[EventDate "2020.01.13"]
[EventType "swiss"]
[EventRounds "9"]
[EventCountry "ESP"]
[SourceTitle "CBM 194 Extra"]
[Source "ChessBase"]
[SourceDate "2020.03.31"]
[SourceVersion "1"]
[SourceVersionDate "2020.03.31"]
[SourceQuality "1"]

1. e4 e5 2. Nf3 Nc6 3. Bb5 Bc5 4. 0-0 d6 5. d4 exd4 6. Nxd4 Bd7 7. Nxc6 bxc6 8. Bc4 Ne7 9. Qe2 0-0 10. Nc3 Be6 11. Na4 Bb6 12. Nxb6 axb6 13. Bd3 Qd7 14. b3 Rae8 15. Bb2 Ng6 16. f4 f5 17. e5 c5 18. a4 Bd5 19. Rae1 Re7 20. Bc4 Qe6 21. Bxd5 Qxd5 22. c4 Qc6 23. Qf2 Rfe8 24. Qg3 Re6 25. Qf2 R6e7 26. h4 Nf8 27. exd6 Rxe1 28. Rxe1 Rxe1+ 29. Qxe1 cxd6 30. h5 Qd7 31. Qd2 Qe6 32. Qc3 Qe7 33. h6 Ne6 34. Qg3 g6 35. Qf3 Kf7 36. g3 Nd4 37. Qd5+ Ne6 38. Kf2 Qd7 39. Qa8 Qd8 40. Qd5 Qd7 41. Bc3 Ke7 42. Qa8 Qd8 43. Qb7+ Qc7 44. Qf3 Qd7 45. g4 Nd8 46. g5 Qc6 47. Bf6+ Kd7 48. Bc3 Qxf3+ 49. Kxf3 Kc6 50. Ke3 Ne6 51. Bf6 Nc7 52. Kf3 Ne6 1/2-1/2

[Event "Madrid-ch Seniors 50"]
[Site "Madrid"]
[Date "2020.01.16"]
[Round "4"]
[White "Sotoca Aguado, Jose"]
[Black "Garcia Martin, Esteban"]
[Result "0-1"]
[WhiteElo "1905"]
[BlackElo "1856"]
[PlyCount "114"]
[EventDate "2020.01.13"]
[EventType "swiss"]
[EventRounds "9"]
[EventCountry "ESP"]
[SourceTitle "CBM 194 Extra"]
[Source "ChessBase"]
[SourceDate "2020.03.31"]
[SourceVersion "1"]
[SourceVersionDate "2020.03.31"]
[SourceQuality "1"]

1. d4 Nf6 2. c4 g6 3. Nc3 Bg7 4. e4 d6 5. f3 0-0 6. Be3 e5 7. d5 a5 8. Nge2 Nbd7 9. Nc1 Nc5 10. Nd3 b6 11. Be2 Nfd7 12. 0-0 f5 13. Qd2 f4 14. Bxc5 bxc5 15. Nb5 g5 16. a3 a4 17. Nf2 h5 18. h3 Nf6 19. Qc2 Bh6 20. b4 axb3 21. Qxb3 Kh8 22. Qd3 Rg8 23. Ng4 hxg4 24. hxg4 Bf8 25. Kf2 Kg7 26. Rh1 Rh8 27. Rxh8 Kxh8 28. Rh1+ Kg7 29. Qc2 Bd7 30. a4 c6 31. Nc3 Rb8 32. dxc6 Bxc6 33. Nd5 Be8 34. a5 Qxa5 35. g3 Qa3 36. Nxf6 Kxf6 37. gxf4 gxf4 38. Rb1 Rxb1 39. Qxb1 Qa7 40. Qh1 Qg7 41. Qh4+ Kf7 42. Bf1 Be7 43. Qh5+ Kf8 44. Qf5+ Qf7 45. Qc8 Qf6 46. Ke2 Qf7 47. Kd2 Kg7 48. Be2 Qf8 49. Qe6 Bg6 50. Qd7 Qd8 51. Qa7 Kf8 52. Kd3 Be8 53. Bf1 Bc6 54. Be2 Qa8 55. Qb6 Qb7 56. Qa5 Qb3+ 57. Kd2 Qb4+ 0-1

[Event "Collado Villalba op-A 36th"]
[Site "Collado Villalba"]
[Date "2019.08.31"]
[Round "9"]
[White "Sotoca Aguado, Jose"]
[Black "Martin Consuegra, Barrilero Javier"]
[Result "1/2-1/2"]
[WhiteElo "1865"]
[BlackElo "1817"]
[PlyCount "75"]
[EventDate "2019.08.23"]
[EventType "swiss"]
[EventRounds "9"]
[EventCountry "ESP"]
[SourceTitle "CBM 192 Extra"]
[Source "Chessbase"]
[SourceDate "2019.11.06"]
[SourceVersion "1"]
[SourceVersionDate "2019.11.06"]
[SourceQuality "1"]

1. d4 d6 2. e4 Nf6 3. Nc3 e5 4. dxe5 dxe5 5. Qxd8+ Kxd8 6. Bc4 Be6 7. Bxe6 fxe6 8. Bg5 c6 9. 0-0-0+ Kc7 10. Bxf6 gxf6 11. Nge2 Bh6+ 12. Kb1 Nd7 13. g3 Rhg8 14. Nc1 Rad8 15. Nd3 Bf8 16. f4 Nc5 17. fxe5 Nxd3 18. Rxd3 fxe5 19. Rf1 Bd6 20. Rf7+ Rd7 21. Rdf3 Rg7 22. Rxd7+ Kxd7 23. Kc1 b5 24. Kd2 Ke7 25. Ke2 Bc5 26. Nd1 Rg4 27. Kd3 h5 28. h3 Rg8 29. Ne3 a6 30. Nf1 Rd8+ 31. Ke2 Bd4 32. c3 Bb6 33. Nd2 Rg8 34. b3 a5 35. Nb1 Ra8 36. Rd3 Rf8 37. Rf3 Rd8 38. Rd3 1/2-1/2

[Event "Collado Villalba op-A 36th"]
[Site "Collado Villalba"]
[Date "2019.08.29"]
[Round "7"]
[White "Fernandez Aransay, Fernando"]
[Black "Sotoca Aguado, Jose"]
[Result "1/2-1/2"]
[WhiteElo "1786"]
[BlackElo "1865"]
[PlyCount "47"]
[EventDate "2019.08.23"]
[EventType "swiss"]
[EventRounds "9"]
[EventCountry "ESP"]
[SourceTitle "CBM 192 Extra"]
[Source "Chessbase"]
[SourceDate "2019.11.06"]
[SourceVersion "1"]
[SourceVersionDate "2019.11.06"]
[SourceQuality "1"]

1. e4 c6 2. d4 d5 3. exd5 cxd5 4. Bd3 Nf6 5. c3 e6 6. Bf4 Bd6 7. Bxd6 Qxd6 8. Nf3 0-0 9. 0-0 Nc6 10. Re1 Qf4 11. Nbd2 g6 12. g3 Qh6 13. Ne5 Nxe5 14. dxe5 Nd7 15. Bf1 f6 16. Nf3 fxe5 17. Nxe5 Nxe5 18. Rxe5 Bd7 19. Qd4 Rf5 20. Rxf5 gxf5 21. f4 Qg7 22. Rd1 Qxd4+ 23. Rxd4 Bc6 24. c4 1/2-1/2

[Event "Collado Villalba op-A 36th"]
[Site "Collado Villalba"]
[Date "2019.08.27"]
[Round "5"]
[White "Gamboa Ondono, Jesus"]
[Black "Sotoca Aguado, Jose"]
[Result "1-0"]
[WhiteElo "1782"]
[BlackElo "1865"]
[PlyCount "53"]
[EventDate "2019.08.23"]
[EventType "swiss"]
[EventRounds "9"]
[EventCountry "ESP"]
[SourceTitle "CBM 192 Extra"]
[Source "Chessbase"]
[SourceDate "2019.11.06"]
[SourceVersion "1"]
[SourceVersionDate "2019.11.06"]
[SourceQuality "1"]

1. d4 Nf6 2. c4 e6 3. a3 b6 4. Nc3 Bb7 5. Bg5 Be7 6. Qc2 d5 7. e3 h6 8. Bh4 0-0 9. Nf3 Nbd7 10. Bd3 c5 11. Bg3 Rc8 12. cxd5 exd5 13. 0-0 Re8 14. Bf5 cxd4 15. exd4 Rc6 16. Qb3 Ba6 17. Nb5 g6 18. Nxa7 Rc4 19. Bd3 Qa8 20. Nb5 Qc6 21. Nc7 b5 22. Nxe8 Nxe8 23. Bxc4 dxc4 24. Qe3 Qf6 25. Rfe1 Kf8 26. Qxh6+ Qg7 27. Qe3 1-0

[Event "Collado Villalba op-A 36th"]
[Site "Collado Villalba"]
[Date "2019.08.24"]
[Round "2"]
[White "Sotoca Aguado, Jose"]
[Black "Mejias Robles, Fermin Vicente"]
[Result "1-0"]
[WhiteElo "1865"]
[BlackElo "1935"]
[PlyCount "137"]
[EventDate "2019.08.23"]
[EventType "swiss"]
[EventRounds "9"]
[EventCountry "ESP"]
[SourceTitle "CBM 192 Extra"]
[Source "Chessbase"]
[SourceDate "2019.11.06"]
[SourceVersion "1"]
[SourceVersionDate "2019.11.06"]
[SourceQuality "1"]

1. e4 c6 2. d4 d5 3. Nc3 dxe4 4. Nxe4 Nf6 5. Nxf6+ exf6 6. Bf4 Bd6 7. Qd2 0-0 8. 0-0-0 Bxf4 9. Qxf4 Qa5 10. Bc4 b5 11. Bb3 Be6 12. Bxe6 fxe6 13. Kb1 Rd8 14. Nf3 Na6 15. Rhe1 Nb4 16. a3 Nd5 17. Qd2 b4 18. axb4 Nxb4 19. Qc3 Rab8 20. Qc4 Nd5 21. Rd3 Rd6 22. Rb3 Qc7 23. g3 Rb6 24. Nd2 Rxb3 25. Qxb3 Qe7 26. Ne4 Rd7 27. Nc5 Rd6 28. f4 g6 29. Ne4 Rd7 30. Qc4 f5 31. Nc5 Rd6 32. Qb3 Kf7 33. c4 Nf6 34. Qe3 Nh5 35. Nd3 Ng7 36. Ne5+ Kg8 37. Nf3 Qb7 38. Qc3 Rd8 39. Ng5 Qd7 40. Nf3 Qc7 41. Ne5 c5 42. d5 exd5 43. cxd5 Qd6 44. Rd1 Ne8 45. Nc4 Qa6 46. Ne3 Qe2 47. Qc2 Qh5 48. Nc4 Nd6 49. Nxd6 Rxd6 50. Rd2 Qf3 51. Qxc5 Qe4+ 52. Qc2 Qh1+ 53. Rd1 Qf3 54. Qc8+ Kg7 55. Qc3+ Qxc3 56. bxc3 Kf7 57. c4 Ke7 58. Kc2 Ra6 59. Kd3 Kd6 60. Kd4 Ra4 61. Re1 a5 62. Re6+ Kd7 63. Kc5 Ra2 64. Ra6 a4 65. Ra7+ Ke8 66. Kd6 a3 67. c5 Ra1 68. c6 a2 69. c7 1-0

[Event "Mostoles op 10th"]
[Site "Mostoles"]
[Date "2019.07.24"]
[Round "7"]
[White "Longa Yauca, Javier"]
[Black "Sotoca Aguado, Jose"]
[Result "1/2-1/2"]
[WhiteElo "2261"]
[BlackElo "1865"]
[PlyCount "66"]
[EventDate "2019.07.18"]
[EventType "swiss"]
[EventRounds "9"]
[EventCountry "ESP"]
[SourceTitle "EXT 2020"]
[Source "ChessBase"]
[SourceDate "2019.10.17"]
[SourceVersion "1"]
[SourceVersionDate "2019.10.17"]
[SourceQuality "1"]

1. c4 Nf6 2. Nc3 e5 3. g3 d5 4. cxd5 Nxd5 5. Bg2 Nb6 6. Nf3 Nc6 7. 0-0 Be7 8. d3 0-0 9. Bd2 a6 10. Rc1 Be6 11. a3 f5 12. b4 Bf6 13. Ne1 Qd7 14. f4 Nd8 15. Nf3 exf4 16. gxf4 c6 17. Qc2 Nf7 18. Rfd1 Rad8 19. Qb1 Rfe8 20. h3 Nd5 21. Na4 Qd6 22. e3 Bc8 23. Re1 g5 24. fxg5 Nxg5 25. Kh1 Nxf3 26. Bxf3 Kh8 27. Re2 Rg8 28. Rg1 Rg3 29. Rxg3 Qxg3 30. Qf1 Rg8 31. Be1 Qg5 32. Bd2 Qg3 33. Be1 Qg5 1/2-1/2

[Event "Madrid-ch Seniors 50"]
[Site "Madrid"]
[Date "2019.01.16"]
[Round "8"]
[White "Gonzalez Rivera, Eduardo"]
[Black "Sotoca Aguado, Jose"]
[Result "0-1"]
[WhiteElo "2025"]
[BlackElo "1881"]
[PlyCount "60"]
[EventDate "2019.01.07"]
[EventType "swiss"]
[EventRounds "9"]
[EventCountry "ESP"]
[SourceTitle "CBM 188 Extra"]
[Source "ChessBase"]
[SourceDate "2019.02.26"]
[SourceVersion "1"]
[SourceVersionDate "2019.02.26"]
[SourceQuality "1"]

1. e4 c6 2. d4 d5 3. e5 Bf5 4. Nc3 e6 5. g4 Bg6 6. Nge2 Nd7 7. h4 h6 8. Nf4 Bh7 9. Be3 Bb4 10. Nh5 Bxc3+ 11. bxc3 Kf8 12. Qd2 Bg6 13. Nf4 Ne7 14. Rg1 c5 15. h5 Be4 16. f3 Bh7 17. g5 hxg5 18. Rxg5 Nf5 19. Bh3 Ke8 20. Rg1 cxd4 21. cxd4 Rc8 22. Bxf5 Bxf5 23. c3 Nb6 24. Rxg7 Nc4 25. Qf2 Qa5 26. Rc1 Nxe3 27. Qxe3 Qxa2 28. Rg2 Qa3 29. Rh2 b5 30. Qe2 Qxc1+ 0-1

[Event "Madrid-ch Seniors 50"]
[Site "Madrid"]
[Date "2019.01.15"]
[Round "7"]
[White "Sotoca Aguado, Jose"]
[Black "Camarero Izquierdo, Juan Carlos"]
[Result "1/2-1/2"]
[WhiteElo "1881"]
[BlackElo "1860"]
[PlyCount "26"]
[EventDate "2019.01.07"]
[EventType "swiss"]
[EventRounds "9"]
[EventCountry "ESP"]
[SourceTitle "CBM 188 Extra"]
[Source "ChessBase"]
[SourceDate "2019.02.26"]
[SourceVersion "1"]
[SourceVersionDate "2019.02.26"]
[SourceQuality "1"]

1. d4 f5 2. g3 Nf6 3. Bg2 d5 4. Nf3 e6 5. Bg5 c6 6. Bxf6 Qxf6 7. Ne5 Bd6 8. f4 0-0 9. 0-0 Nd7 10. e3 Qh6 11. Nxd7 Bxd7 12. Nd2 Be8 13. Nf3 Bh5 1/2-1/2

[Event "Madrid-ch Seniors 50"]
[Site "Madrid"]
[Date "2019.01.14"]
[Round "6"]
[White "Gil Sierra, Jacinto"]
[Black "Sotoca Aguado, Jose"]
[Result "0-1"]
[WhiteElo "1914"]
[BlackElo "1881"]
[PlyCount "104"]
[EventDate "2019.01.07"]
[EventType "swiss"]
[EventRounds "9"]
[EventCountry "ESP"]
[SourceTitle "CBM 188 Extra"]
[Source "ChessBase"]
[SourceDate "2019.02.26"]
[SourceVersion "1"]
[SourceVersionDate "2019.02.26"]
[SourceQuality "1"]

1. e4 c6 2. d4 d5 3. exd5 cxd5 4. c4 Nf6 5. Nc3 e6 6. Bg5 Be7 7. c5 Nc6 8. Nf3 0-0 9. Rc1 h6 10. Bh4 Ne4 11. Bxe7 Qxe7 12. Bb5 Bd7 13. 0-0 a6 14. Bxc6 Bxc6 15. Re1 f6 16. b4 Qd7 17. Nd2 Nxc3 18. Rxc3 a5 19. a3 axb4 20. axb4 Ra4 21. Rb3 Bb5 22. Qg4 Re8 23. Nf3 Qf7 24. Qf4 e5 25. dxe5 fxe5 26. Qxf7+ Kxf7 27. h3 e4 28. Nd4 Bd7 29. Rb2 Ra3 30. Re3 Ra1+ 31. Kh2 Rd1 32. Nc2 d4 33. Ra3 e3 34. fxe3 d3 35. Nd4 Rxe3 36. Rf2+ Kg6 37. Rf3 Rxf3 38. Nxf3 Kf5 39. Kg3 Ke4 40. Kf2 Rc1 41. Nd2+ Ke5 42. Rxd3 Bc6 43. Rb3 Rc2 44. Re3+ Kd4 45. Re2 Kd3 46. Ke1 Rb2 47. Rf2 Ra2 48. Nb3 Rxf2 49. Kxf2 Kc4 50. Nc1 Kxb4 51. Nd3+ Kc4 52. Nf4 Bd5 0-1

[Event "Madrid Tajamar op 10th A"]
[Site "Madrid"]
[Date "2018.09.30"]
[Round "1.2"]
[White "Mkrtchyan, Levon"]
[Black "Sotoca Aguado, Jose"]
[Result "1-0"]
[WhiteElo "2134"]
[BlackElo "1920"]
[PlyCount "119"]
[EventDate "2018.09.30"]
[EventType "swiss"]
[EventRounds "7"]
[EventCountry "ESP"]
[SourceTitle "EXT 2024"]
[Source "ChessBase"]
[SourceDate "2023.10.10"]
[SourceVersion "1"]
[SourceVersionDate "2023.10.10"]
[SourceQuality "1"]

1. e4 c6 2. d4 d5 3. Nc3 dxe4 4. Nxe4 Bf5 5. Ng3 Bg6 6. Nf3 Nd7 7. h4 h6 8. h5 Bh7 9. Bd3 Bxd3 10. Qxd3 e6 11. Bf4 Ngf6 12. 0-0-0 Nd5 13. Bd2 Qc7 14. c4 Nb4 15. Qb3 a5 16. Kb1 Be7 17. Ne4 a4 18. Qe3 Na6 19. Nc3 Nf6 20. Ne5 a3 21. b3 Rd8 22. Ne4 0-0 23. Bc1 b5 24. Nxf6+ Bxf6 25. Bxa3 b4 26. Bb2 Bxe5 27. dxe5 Qa5 28. Rd6 Rxd6 29. exd6 Qf5+ 30. Ka1 Nc5 31. g4 Qe4 32. Qxe4 Nxe4 33. Bd4 Rd8 34. c5 f6 35. Re1 Ng5 36. Be3 Nf3 37. Rd1 e5 38. Kb2 Kf7 39. a3 bxa3+ 40. Kxa3 Ke8 41. b4 Ra8+ 42. Kb3 Kd7 43. Kc4 e4 44. Bf4 Ra2 45. Kb3 Ra8 46. b5 cxb5 47. Kb4 Rb8 48. Ra1 Rb7 49. Ra8 Nd4 50. Rg8 Nc6+ 51. Kc3 Ke6 52. Rc8 Kd5 53. Rc7 b4+ 54. Kb2 Rb8 55. Rxg7 Nd4 56. d7 Ra8 57. Re7 Ne6 58. Re8 Rd8 59. Rxd8 Nxd8 60. Bc7 1-0